[Event "Goteborg op"]
[Site "Molnlycke"]
[Date "2015.08.14"]
[Round "1"]
[White "Segerfelt, Louise"]
[Black "Rozentalis, Eduardas"]
[Result "0-1"]
[WhiteElo "1885"]
[BlackElo "2528"]
[PlyCount "68"]
[EventDate "2015.08.14"]
[EventType "swiss"]
[EventRounds "8"]
[EventCountry "SWE"]
[SourceTitle "CBM 167 Extra"]
[Source "ChessBase"]
[SourceDate "2015.09.14"]
[SourceVersion "1"]
[SourceVersionDate "2015.09.14"]
[SourceQuality "1"]

1. e4 e6 2. d4 d5 3. Bd3 dxe4 4. Bxe4 Nf6 5. Bf3 Be7 6. Ne2 0-0 7. 0-0 c5 8. Be3 cxd4 9. Bxd4 Nc6 10. Be3 Ne5 11. Nd4 Nc4 12. Bc1 e5 13. Be2 Nxb2 14. Bxb2 exd4 15. Bxd4 Bf5 16. c3 Qc7 17. Nd2 Rad8 18. Qa4 b6 19. Nf3 Nd5 20. Rac1 Bd6 21. Qc4 Nf4 22. Rfe1 Qxc4 23. Bxc4 Bd3 24. Bb3 Ne2+ 25. Kh1 Nxc1 26. Rxc1 Bf4 27. Re1 Rfe8 28. Rxe8+ Rxe8 29. g3 Be4 30. Kg2 Be5 31. Bd1 Bxd4 32. cxd4 Rd8 33. Kh3 Bxf3 34. Bxf3 Rxd4 0-1

[Event "Deltalift op"]
[Site "Halmstad"]
[Date "2014.05.31"]
[Round "7"]
[White "Lindstrom, Reine"]
[Black "Segerfelt, Louise"]
[Result "1/2-1/2"]
[WhiteElo "1978"]
[BlackElo "1765"]
[PlyCount "56"]
[EventDate "2014.03.29"]
[EventType "swiss"]
[EventRounds "8"]
[EventCountry "SWE"]
[SourceTitle "EXT 2015"]
[Source "ChessBase"]
[SourceDate "2014.11.20"]
[SourceVersion "1"]
[SourceVersionDate "2014.11.20"]
[SourceQuality "1"]

1. e4 e5 2. Nf3 Nc6 3. d4 exd4 4. Nxd4 Bc5 5. c3 Qf6 6. Be3 Nge7 7. Be2 0-0 8. 0-0 Qg6 9. Bf3 Bb6 10. Na3 Nxd4 11. cxd4 d6 12. Nc4 f5 13. exf5 Nxf5 14. Nxb6 axb6 15. Re1 Kh8 16. Be4 Qf7 17. Bxf5 Bxf5 18. a3 Qg6 19. Qf3 Rae8 20. Rac1 c6 21. Qg3 Qxg3 22. hxg3 d5 23. Bf4 Kg8 24. Bd6 Rxe1+ 25. Rxe1 Rf6 26. Re8+ Kf7 27. Re7+ Kg6 28. Be5 Rf7 1/2-1/2

[Event "Nordic-ch Girls A"]
[Site "Stavanger"]
[Date "2012.04.20"]
[Round "4"]
[White "Segerfelt, Louise"]
[Black "Helgadottir, Sigridur Bjorg"]
[Result "0-1"]
[WhiteElo "1777"]
[BlackElo "1755"]
[PlyCount "58"]
[EventDate "2012.04.20"]
[EventType "swiss"]
[EventRounds "5"]
[EventCountry "NOR"]
[SourceTitle "EXT 2024"]
[Source "ChessBase"]
[SourceDate "2023.10.10"]
[SourceVersion "1"]
[SourceVersionDate "2023.10.10"]
[SourceQuality "1"]

1. e4 c5 2. Nc3 g6 3. f4 Bg7 4. Nf3 d6 5. Bc4 Nc6 6. 0-0 e6 7. f5 exf5 8. d3 Nf6 9. exf5 Bxf5 10. Re1+ Ne7 11. Qe2 h6 12. Bb5+ Bd7 13. Bf4 Bc6 14. Rad1 Kf8 15. d4 Nfd5 16. Bg3 cxd4 17. Nxd4 Bxd4+ 18. Rxd4 Nxc3 19. bxc3 Nf5 20. Bxd6+ Kg8 21. Be5 Nxd4 22. Bxd4 Rh7 23. Bxc6 bxc6 24. Qe4 Qd6 25. Kh1 a5 26. Rf1 Rd8 27. Rf6 Qxf6 28. Qe2 Qd6 29. h3 c5 0-1

[Event "EU-chT U18 Girls 10th"]
[Site "Pardubice"]
[Date "2010.07.17"]
[Round "3.3"]
[White "Olsarova, Karolina"]
[Black "Segerfelt, Louise"]
[Result "1-0"]
[WhiteElo "2209"]
[BlackElo "1741"]
[PlyCount "47"]
[EventDate "2010.07.15"]
[EventType "team-swiss"]
[EventRounds "7"]
[EventCountry "CZE"]
[SourceTitle "EXT 2020"]
[Source "ChessBase"]
[SourceDate "2019.10.17"]
[SourceVersion "1"]
[SourceVersionDate "2019.10.17"]
[SourceQuality "1"]
[WhiteTeam "Czech Republic U18 (W)"]
[BlackTeam "Sweden U18 (W)"]
[WhiteTeamCountry "CZE"]
[BlackTeamCountry "SWE"]

1. e4 e5 2. Nf3 Nc6 3. Bb5 Bc5 4. c3 Nf6 5. 0-0 0-0 6. d4 Bb6 7. Bg5 h6 8. Bh4 d6 9. Qd3 exd4 10. cxd4 Re8 11. Nbd2 a6 12. Ba4 Bd7 13. Bb3 Ne7 14. Bxf6 gxf6 15. Nh4 Kg7 16. Qg3+ Kf8 17. Ndf3 Ng8 18. Bxf7 Kxf7 19. Qg6+ Kf8 20. Qh7 Ne7 21. Qxh6+ Kf7 22. Qh7+ Kf8 23. e5 dxe5 24. dxe5 1-0

[Event "Nordic-ch U20 Girls"]
[Site "Haraldsheim"]
[Date "2008.04.19"]
[Round "3"]
[White "Rathan, Raksha"]
[Black "Segerfelt, Louise"]
[Result "1/2-1/2"]
[WhiteElo "1224"]
[BlackElo "1215"]
[PlyCount "94"]
[EventDate "2008.04.18"]
[EventType "team-tourn"]
[EventRounds "9"]
[EventCountry "NOR"]
[SourceTitle "CBM 123 Extra"]
[Source "ChessBase"]
[SourceDate "2008.05.06"]
[SourceVersion "1"]
[SourceVersionDate "2008.05.06"]
[SourceQuality "1"]

1. d4 d5 2. Nf3 Nf6 3. e3 e6 4. a3 Bd6 5. c4 c5 6. dxc5 Bxc5 7. Nc3 0-0 8. cxd5 exd5 9. Be2 Nc6 10. 0-0 h6 11. h3 Bf5 12. Bd3 Be6 13. b4 Be7 14. Bb2 a6 15. Qd2 Qd6 16. Rfd1 Rad8 17. Qc2 Qc7 18. Rac1 Rfe8 19. Ne2 Rc8 20. Ned4 Qd6 21. Qb1 Nxd4 22. Bxd4 Nd7 23. Rxc8 Rxc8 24. Rc1 Re8 25. Rc2 Bf6 26. Qc1 Ne5 27. Nxe5 Bxe5 28. Bxe5 Qxe5 29. Rc7 Rb8 30. Be2 d4 31. Rc5 Qd6 32. exd4 Qxd4 33. Bf3 b5 34. Rc6 Rb6 35. Rc7 Qf6 36. Qe3 Rd6 37. Be4 Qd4 38. Qxd4 Rxd4 39. Bb7 Rd6 40. g4 g5 41. Kg2 Kg7 42. f3 Kf6 43. Kg3 Ke5 44. Kf2 Kf4 45. Rc6 Rxc6 46. Bxc6 Bc8 47. Bd5 f6 1/2-1/2